[Event "BLR Cup"]
[Site "Minsk"]
[Date "2005.05.30"]
[Round "13"]
[White "Rakhmanov, Alexander"]
[Black "Romashin, Evgenji"]
[Result "1-0"]
[WhiteElo "2237"]
[BlackElo "2179"]
[PlyCount "61"]
[EventDate "2005.05.21"]
[EventType "tourn"]
[EventRounds "15"]
[EventCountry "BLR"]
[EventCategory "2"]
[SourceTitle "EXT 2006"]
[Source "ChessBase"]
[SourceDate "2005.11.24"]
[SourceVersion "1"]
[SourceVersionDate "2005.11.24"]
[SourceQuality "1"]

1. c4 g6 2. Nc3 Bg7 3. Nf3 Nf6 4. d4 0-0 5. e4 d6 6. Be2 e5 7. 0-0 Nc6 8. d5 Ne7 9. Nd2 c5 10. Rb1 Ne8 11. b4 b6 12. bxc5 bxc5 13. Nb3 f5 14. Bg5 Nf6 15. f3 h6 16. Bd2 Rf7 17. Qc2 Ne8 18. Na4 f4 19. Ba5 Qd7 20. Naxc5 dxc5 21. Nxc5 Qd6 22. Nd3 Qa6 23. Qc3 Bd7 24. Nc5 Qc8 25. Nxd7 Qxd7 26. c5 Rf6 27. Rfc1 Kh7 28. c6 Qd6 29. Rb7 Nxd5 30. exd5 Qxd5 31. Rb5 1-0

[Event "BLR Cup"]
[Site "Minsk"]
[Date "2005.05.25"]
[Round "5"]
[White "Tairova, Elena"]
[Black "Romashin, Evgenji"]
[Result "1-0"]
[WhiteElo "2287"]
[BlackElo "2179"]
[PlyCount "127"]
[EventDate "2005.05.21"]
[EventType "tourn"]
[EventRounds "15"]
[EventCountry "BLR"]
[EventCategory "2"]
[SourceTitle "EXT 2006"]
[Source "ChessBase"]
[SourceDate "2005.11.24"]
[SourceVersion "1"]
[SourceVersionDate "2005.11.24"]
[SourceQuality "1"]

1. e4 e5 2. Nf3 Nc6 3. Bc4 Bc5 4. c3 Nf6 5. d3 d6 6. Bb3 Bb6 7. Nbd2 Bg4 8. h3 Be6 9. Bc2 h6 10. Nc4 d5 11. Nxb6 axb6 12. exd5 Nxd5 13. 0-0 Qf6 14. a4 g5 15. Nh2 h5 16. Qf3 Nf4 17. Bxf4 exf4 18. d4 g4 19. Qe4 0-0-0 20. h4 Qxh4 21. Qxf4 Rhg8 22. b4 Qg5 23. Qxg5 Rxg5 24. Be4 Bd5 25. Bxd5 Rgxd5 26. Rfe1 Kd7 27. Nf1 h4 28. Nd2 Rh8 29. Re3 Rg5 30. Rae1 h3 31. Ne4 Rg6 32. Ng3 hxg2 33. Kxg2 Rg5 34. b5 Nd8 35. Re7+ Kc8 36. R1e5 Rxe5 37. Rxe5 Ne6 38. Rf5 Rh7 39. Ne4 Rg7 40. Kg3 Kd7 41. Nf6+ Ke7 42. Nxg4 Rg5 43. Rxg5 Nxg5 44. Kf4 Nh3+ 45. Ke3 f5 46. Ne5 f4+ 47. Ke2 Ke6 48. c4 Kf5 49. f3 Ng1+ 50. Kd3 Ke6 51. Ke4 Ne2 52. d5+ Kd6 53. Nd3 c6 54. dxc6 bxc6 55. Nxf4 Nc3+ 56. Kd4 Nxa4 57. Nd3 c5+ 58. Ke4 Nc3+ 59. Kf5 Nd1 60. Ke4 Nc3+ 61. Ke3 Nb1 62. Nb2 Ke5 63. Kd3 Kf4 64. Na4 1-0